000 00623nam a2200265Ia 4500
008 210210b1922 xxu||||| |||| 00| 0 eng d
041 _aeng
082 _a545 CUMT
100 _aCUMMING (Alex Charles)
245 _aText book of quantitative chemical analysis Ed 4
250 _a
260 _aLondon
_bGurney & Jackson
_c1922
300 _axv,432
650 _aText
650 _aquantitative
650 _aof
650 _aEd
650 _achemical
650 _abook
650 _aanalysis
650 _a4
690 _aQuantitative Chemistry
700 _aKAY (Sydney Alexander)
906 _a009907
999 _c140616
_d140616